[Event "BL 8788 Porz-Zehlendorf"]
[Site "?"]
[Date "1987.??.??"]
[Round "?.2"]
[White "Schoen, W."]
[Black "Wockenfuss, K."]
[Result "1/2-1/2"]
[WhiteElo "2445"]
[BlackElo "2415"]
[PlyCount "74"]
[EventDate "1987.??.??"]

1. d4 d6 2. c4 e5 3. Nf3 e4 4. Ng5 f5 5. Nc3 c6 6. d5 Be7 7. Nh3 Nf6 8. e3 Nbd7
9. Be2 O-O 10. f3 Ne5 11. Nf2 Qe8 12. f4 Nf7 13. Rg1 Bd8 14. h3 Bd7 15. Qb3
cxd5 16. cxd5 b5 17. g4 fxg4 18. hxg4 g5 19. Bxb5 Rb8 20. Bxd7 Nxd7 21. Qa4
gxf4 22. exf4 Bh4 23. Be3 Rxb2 24. Ncd1 Rb8 25. Rh1 Bf6 26. Rc1 Nc5 27. Qa3 Rc8
28. Bxc5 Rxc5 29. Rxc5 dxc5 30. Qh3 h6 31. g5 Bg7 32. Ng4 Qb5 33. Nf6+ Bxf6 34.
gxf6 Qb4+ 35. Nc3 Kh8 36. Rg1 Qd4 37. Qg3 Qxf6 1/2-1/2

[Event "BL 8788 Porz-Zehlendorf"]
[Site "?"]
[Date "1987.??.??"]
[Round "?.3"]
[White "Cladouras, P."]
[Black "Fleck, J."]
[Result "1/2-1/2"]
[WhiteElo "2365"]
[BlackElo "2385"]
[PlyCount "36"]
[EventDate "1987.??.??"]

1. e4 c5 2. Nf3 d6 3. d4 cxd4 4. Nxd4 Nf6 5. Nc3 g6 6. Be2 Bg7 7. O-O O-O 8.
Be3 Nc6 9. Qd2 Ng4 10. Bxg4 Bxg4 11. f3 Bd7 12. Rad1 Rc8 13. Rf2 Qa5 14. Nxc6
bxc6 15. Bd4 Bxd4 16. Qxd4 Be6 17. Qd2 Rb8 18. b3 Rb7 1/2-1/2

[Event "BL 8788 Porz-Zehlendorf"]
[Site "?"]
[Date "1987.??.??"]
[Round "?.4"]
[White "Schulz, K."]
[Black "Vogel, R."]
[Result "1/2-1/2"]
[WhiteElo "2405"]
[BlackElo "2385"]
[PlyCount "100"]
[EventDate "1987.??.??"]

1. Nf3 g6 2. d4 Bg7 3. g3 c5 4. c3 Nf6 5. Bg2 O-O 6. O-O d6 7. Re1 Nc6 8. d5
Na5 9. e4 e6 10. Na3 exd5 11. exd5 b6 12. Bf4 Ba6 13. Nd2 b5 14. Rc1 Qd7 15. b4
Nb7 16. Nb3 Rae8 17. Qd2 Ng4 18. h3 Ne5 19. Rcd1 Nc4 20. Nxc4 bxc4 21. Rxe8
Rxe8 22. bxc5 cxb3 23. c6 Qc7 24. axb3 Nc5 25. Re1 Rxe1+ 26. Qxe1 Kf8 27. b4
Nd3 28. Qa1 Bc8 29. Qa5 Qe7 30. Be3 a6 31. Qb6 Be5 32. Qb8 Qe8 33. c4 Kg7 34.
b5 Bxg3 35. b6 Nxf2 36. Bxf2 Bxf2+ 37. Kxf2 Qd8 38. b7 Qh4+ 39. Kf3 Qf6+ 40.
Ke2 Qe5+ 41. Kf2 Qf4+ 42. Bf3 Qd2+ 43. Be2 Qf4+ 44. Ke1 Qc1+ 45. Kf2 Qf4+ 46.
Bf3 Qd2+ 47. Kg3 Qg5+ 48. Kf2 Qd2+ 49. Be2 Qf4+ 50. Ke1 Qc1+ 1/2-1/2

[Event "BL 8788 Porz-Zehlendorf"]
[Site "?"]
[Date "1987.??.??"]
[Round "?.5"]
[White "Rahls, P."]
[Black "Heinbuch, D."]
[Result "1/2-1/2"]
[WhiteElo "2205"]
[BlackElo "2380"]
[PlyCount "80"]
[EventDate "1987.??.??"]

1. e4 c5 2. c3 Nf6 3. e5 Nd5 4. d4 cxd4 5. cxd4 Nc6 6. Nf3 d6 7. Bc4 Nb6 8. Bb3
d5 9. Nh4 e6 10. Nf3 Be7 11. Nc3 Bd7 12. h4 a6 13. Qd2 Qc7 14. Qf4 f5 15. O-O
O-O-O 16. Bd2 Kb8 17. Rfc1 Be8 18. a4 Nc4 19. Bxc4 dxc4 20. Ne2 Bh5 21. Rxc4
Bxf3 22. gxf3 Qb6 23. Rac1 g5 24. Qe3 h6 25. Qc3 a5 26. Be3 Rd5 27. f4 gxh4 28.
Rxc6 bxc6 29. Qxc6 Qxc6 30. Rxc6 Rg8+ 31. Kh2 Rg6 32. Nc3 Rd7 33. d5 Bb4 34.
Nb5 Rdg7 35. Bb6 Rg2+ 36. Kh3 Rg1 37. Bc7+ Kc8 38. Bxa5+ Kb8 39. Bc7+ Kc8 40.
Bb6+ Kb8 1/2-1/2

[Event "BL 8788 Porz-Zehlendorf"]
[Site "?"]
[Date "1987.??.??"]
[Round "?.8"]
[White "Dresen, U."]
[Black "Lieb, H."]
[Result "1-0"]
[WhiteElo "2270"]
[BlackElo "2305"]
[PlyCount "102"]
[EventDate "1987.??.??"]

1. d4 Nf6 2. Nf3 d5 3. Bf4 c6 4. Nbd2 Bf5 5. c4 e6 6. Qb3 Qb6 7. c5 Qxb3 8.
axb3 Nbd7 9. h3 Be7 10. e3 Ne4 11. b4 Nxd2 12. Kxd2 O-O 13. b5 Nb8 14. b4 f6
15. Be2 Be4 16. Bc7 cxb5 17. Bxb5 Rc8 18. Bg3 Nc6 19. Ra4 Bd8 20. Bxc6 bxc6 21.
Ra6 e5 22. Rha1 Rcb8 23. Rxa7 Rxa7 24. Rxa7 Kf8 25. Kc3 Bxf3 26. gxf3 exd4+ 27.
exd4 Rc8 28. Bd6+ Kg8 29. Rb7 f5 30. Be5 g6 31. b5 Ba5+ 32. Kb3 cxb5 33. Rxb5
Bc7 34. Bxc7 Rxc7 35. Kb4 Kf7 36. Rb6 Ke7 37. Kb5 Ra7 38. Ra6 Rb7+ 39. Kc6 Rd7
40. Rb6 Ke6 41. Rb7 Rd8 42. Rb2 Rc8+ 43. Kb7 Kd7 44. Rb6 Rc7+ 45. Ka6 Rc8 46.
Kb5 Ra8 47. Rd6+ Kc7 48. Rxd5 Ra3 49. Re5 Rb3+ 50. Kc4 Rxf3 51. Re7+ Kd8 1-0

[Event "BL 8788 Lasker-Porz"]
[Site "?"]
[Date "1987.??.??"]
[Round "?.2"]
[White "Heyken, E."]
[Black "Schoen, W."]
[Result "1/2-1/2"]
[WhiteElo "2305"]
[BlackElo "2445"]
[PlyCount "39"]
[EventDate "1987.??.??"]

1. d4 Nf6 2. Nf3 c5 3. e3 b6 4. Nbd2 Bb7 5. Bd3 g6 6. c3 Bg7 7. e4 d6 8. O-O
O-O 9. Re1 cxd4 10. cxd4 Nc6 11. Nf1 Rc8 12. Bd2 Nd7 13. Bc3 e5 14. Bb5 a6 15.
Bxc6 Bxc6 16. Bb4 exd4 17. Nxd4 Re8 18. Nxc6 Rxc6 19. Rc1 Rxc1 20. Qxc1 1/2-1/2

[Event "BL 8788 Lasker-Porz"]
[Site "?"]
[Date "1987.??.??"]
[Round "?.3"]
[White "Fleck, J."]
[Black "Paulsen, D."]
[Result "1-0"]
[WhiteElo "2385"]
[BlackElo "2340"]
[PlyCount "57"]
[EventDate "1987.??.??"]

1. e4 d6 2. d4 Nf6 3. Nc3 g6 4. Nf3 Bg7 5. Be2 O-O 6. O-O Bg4 7. Bg5 Nc6 8. h3
Bxf3 9. Bxf3 Nd7 10. Ne2 Qe8 11. c3 e5 12. g3 Nb6 13. d5 h6 14. Be3 Ne7 15. Qc1
Kh7 16. c4 f5 17. Bg2 Na4 18. Qc2 b6 19. b4 a5 20. a3 f4 21. gxf4 exf4 22. Nxf4
Bxa1 23. Rxa1 Rf6 24. Ne6 Ra7 25. f4 Rxe6 26. dxe6 Qh8 27. e5 dxe5 28. Qxa4
exf4 29. Rf1 1-0

[Event "BL 8788 Lasker-Porz"]
[Site "?"]
[Date "1987.??.??"]
[Round "?.4"]
[White "Schacht, H."]
[Black "Schulz, K."]
[Result "1/2-1/2"]
[WhiteElo "2310"]
[BlackElo "2405"]
[PlyCount "46"]
[EventDate "1987.??.??"]

1. d4 e6 2. Nf3 c5 3. e4 cxd4 4. Nxd4 Nf6 5. Nc3 d6 6. Be3 Be7 7. f3 a6 8. Qd2
d5 9. e5 Nfd7 10. f4 b5 11. Bd3 Nc5 12. O-O g6 13. g4 Qc7 14. Rae1 Nbd7 15. f5
Nb6 16. Bg5 Nc4 17. Bxc4 dxc4 18. fxe6 fxe6 19. Bf6 O-O 20. Bxe7 Qxe7 21. Nc6
Rxf1+ 22. Rxf1 Qh4 23. Qf4 Bb7 1/2-1/2

[Event "BL 8788 Lasker-Porz"]
[Site "?"]
[Date "1987.??.??"]
[Round "?.5"]
[White "Heinbuch, D."]
[Black "Junge, R."]
[Result "1/2-1/2"]
[WhiteElo "2380"]
[BlackElo "2315"]
[PlyCount "44"]
[EventDate "1987.??.??"]

1. d4 Nf6 2. c4 c5 3. d5 e5 4. Nc3 d6 5. e4 Be7 6. g3 O-O 7. Bg2 Nbd7 8. Nge2
a6 9. a4 b6 10. O-O Ne8 11. Qc2 Rb8 12. Ra3 Kh8 13. Bd2 g6 14. Rb1 Ng7 15. b4
f5 16. b5 a5 17. Rf1 Bg5 18. f3 Bxd2 19. Qxd2 f4 20. Bh3 g5 21. Bxd7 Bxd7 22.
g4 Rf6 1/2-1/2

[Event "BL 8788 Zehlendorf-Wattenscheid"]
[Site "?"]
[Date "1987.??.??"]
[Round "?.2"]
[White "Wockenfuss, K."]
[Black "Sandkamp, R."]
[Result "1/2-1/2"]
[WhiteElo "2415"]
[BlackElo "2250"]
[PlyCount "54"]
[EventDate "1987.??.??"]

1. g3 g6 2. Bg2 Bg7 3. e4 c5 4. Nc3 Nc6 5. d3 d6 6. Be3 h5 7. h3 e5 8. Qd2 Be6
9. f4 Nd4 10. Nd1 Ne7 11. c3 Ndc6 12. Nf3 Qd7 13. Nf2 b6 14. Ng5 d5 15. Nxe6
fxe6 16. fxe5 d4 17. Bf4 Bxe5 18. c4 Qd6 19. h4 g5 20. Bxg5 Bxg3 21. O-O-O
O-O-O 22. e5 Bxe5 23. Ne4 Qc7 24. Bh3 Qd7 25. Nf6 Qd6 26. Ne4 Qd7 27. Nf6 Qd6
1/2-1/2

[Event "BL 8788 München 36-Koblenz"]
[Site "?"]
[Date "1987.??.??"]
[Round "?.1"]
[White "Gutman, L."]
[Black "Smejkal, J."]
[Result "0-1"]
[WhiteElo "2475"]
[BlackElo "2515"]
[PlyCount "102"]
[EventDate "1987.??.??"]

1. d4 Nf6 2. c4 g6 3. g3 Bg7 4. Bg2 O-O 5. Nc3 c5 6. Nf3 cxd4 7. Nxd4 Nc6 8.
O-O Nxd4 9. Qxd4 d6 10. Bg5 Be6 11. Qf4 Qa5 12. Rac1 Rab8 13. b3 Rfc8 14. Qd2
a6 15. Rc2 b5 16. cxb5 axb5 17. Rfc1 Rc7 18. Ne4 Qxd2 19. Bxd2 Rxc2 20. Rxc2
Nxe4 21. Bxe4 Bd4 22. Rc7 Kf8 23. Bc6 f6 24. Kf1 Bc5 25. e3 b4 26. e4 Bc8 27.
Bh6+ Kf7 28. Bf4 Be6 29. Ke2 Rc8 30. Rxc8 Bxc8 31. Be3 Ba6+ 32. Kd2 e6 33. f4
e5 34. Bd5+ Ke7 35. h4 h6 36. Bc6 g5 37. fxg5 fxg5 38. hxg5 Bxe3+ 39. Kxe3 hxg5
40. Bd5 Bb5 41. Kd2 Kd7 42. Ke3 Bc6 43. Bc4 Kc7 44. Be6 Kb6 45. Kf3 Kc5 46. Bf5
Kd4 47. Kg4 Bxe4 48. Be6 Bc2 49. Kxg5 e4 50. Kf4 e3 51. Bg4 Bb1 0-1

[Event "BL 8788 München 36-Koblenz"]
[Site "?"]
[Date "1987.??.??"]
[Round "?.2"]
[White "Nikolac, J."]
[Black "Wolf, V."]
[Result "1/2-1/2"]
[WhiteElo "2470"]
[BlackElo "2315"]
[PlyCount "106"]
[EventDate "1987.??.??"]

1. d4 e6 2. c4 Nf6 3. Nc3 Bb4 4. e3 b6 5. Nge2 Ba6 6. a3 Be7 7. Nf4 d5 8. cxd5
Bxf1 9. Kxf1 exd5 10. g4 g5 11. Nh5 Nxh5 12. gxh5 c6 13. Rg1 h6 14. b4 a6 15.
Ra2 Nd7 16. Rc2 Nf6 17. Bd2 Qd7 18. Qf3 Qe6 19. Ne2 g4 20. Qg2 Rc8 21. Ng3 Bd6
22. Ke2 Kd7 23. Kd1 Rhg8 24. f4 gxf3 25. Qxf3 Bxg3 26. hxg3 Qg4 27. Qxg4+ Rxg4
28. Rf1 Ke6 29. Be1 Ne4 30. Rf4 f5 31. a4 Nd6 32. Ke2 Rg5 33. Rh4 Ne4 34. Kf3
Kd7 35. Rch2 Rcg8 36. R2h3 Rg4 37. Kg2 Kd6 38. Rxg4 Rxg4 39. Rh1 Rg5 40. a5 b5
41. Kf3 Nf6 42. Rh4 Ke6 43. Bf2 Rxh5 44. Kf4 Rxh4+ 45. gxh4 Nh5+ 46. Kf3 Kf6
47. Be1 Ng7 48. Bg3 Ne6 49. Bd6 Kg6 50. Be5 Kh5 51. Bf6 Kg6 52. Be5 Kh5 53. Kg3
Kg6 1/2-1/2

[Event "BL 8788 München 36-Koblenz"]
[Site "?"]
[Date "1987.??.??"]
[Round "?.3"]
[White "Doncevic, D."]
[Black "Bastian, H."]
[Result "1/2-1/2"]
[WhiteElo "2400"]
[BlackElo "2335"]
[PlyCount "71"]
[EventDate "1987.??.??"]

1. c4 Nf6 2. g3 c6 3. b3 e5 4. Bg2 Bc5 5. Bb2 O-O 6. e3 d6 7. Ne2 Bf5 8. d3 Re8
9. O-O Nbd7 10. Nbc3 Nf8 11. h3 h5 12. Ne4 Bb6 13. N2c3 N8h7 14. Qf3 Be6 15.
Nxf6+ Nxf6 16. Ne4 Nxe4 17. dxe4 Qg5 18. Rad1 Rad8 19. Bc3 Rf8 20. Bb4 Bc7 21.
Qe2 f5 22. exf5 Rxf5 23. e4 Rf7 24. Bd2 Qg6 25. Be3 a6 26. Rd2 Ba5 27. Rc2 Bb4
28. Bd2 Bc5 29. Be3 h4 30. g4 Qf6 31. Rd1 Rfd7 32. Rcd2 Bb4 33. Rd3 b5 34. cxb5
axb5 35. Qc2 c5 36. Qc1 1/2-1/2

[Event "BL 8788 München 36-Koblenz"]
[Site "?"]
[Date "1987.??.??"]
[Round "?.4"]
[White "Kaiser, W."]
[Black "Brueckner, T."]
[Result "0-1"]
[WhiteElo "2355"]
[BlackElo "2400"]
[PlyCount "66"]
[EventDate "1987.??.??"]

1. d4 Nf6 2. c4 g6 3. Nc3 d5 4. cxd5 Nxd5 5. g3 Bg7 6. Bg2 Nb6 7. e3 O-O 8.
Nge2 e5 9. d5 N8d7 10. e4 Nf6 11. b3 Bd7 12. O-O c6 13. a4 cxd5 14. a5 Nc8 15.
exd5 Nd6 16. a6 b6 17. Ba3 Nfe8 18. Qd2 f5 19. Rfd1 Qf6 20. Rac1 Rf7 21. Na2 f4
22. f3 Nf5 23. gxf4 exf4 24. Nec3 Ne3 25. Re1 Qh4 26. Ne4 Rf5 27. Nac3 Rh5 28.
Bf1 Bd4 29. Kh1 Nf5 30. d6 Ng3+ 31. Nxg3 fxg3 32. Bc4+ Kh8 33. Re2 Bf2 0-1

[Event "BL 8788 München 36-Koblenz"]
[Site "?"]
[Date "1987.??.??"]
[Round "?.6"]
[White "Pichler, J."]
[Black "Seul, G."]
[Result "1/2-1/2"]
[WhiteElo "2320"]
[BlackElo "2275"]
[PlyCount "34"]
[EventDate "1987.??.??"]

1. d4 d5 2. Nf3 Nf6 3. c4 e6 4. g3 c6 5. Qc2 Nbd7 6. Bg2 Bd6 7. Nc3 O-O 8. O-O
dxc4 9. Rd1 Qe7 10. Nd2 Nb6 11. Nce4 Nxe4 12. Bxe4 h6 13. Nxc4 Nxc4 14. Qxc4 e5
15. dxe5 Bxe5 16. Qc2 Be6 17. Be3 Rfd8 1/2-1/2

[Event "BL 8788 München 36-Koblenz"]
[Site "?"]
[Date "1987.??.??"]
[Round "?.7"]
[White "Schlick, V."]
[Black "Goetz, R."]
[Result "1/2-1/2"]
[WhiteElo "2290"]
[BlackElo "2325"]
[PlyCount "102"]
[EventDate "1987.??.??"]

1. Nf3 Nf6 2. c4 c6 3. g3 d6 4. Bg2 e5 5. O-O Be7 6. d3 O-O 7. c5 Na6 8. cxd6
Bxd6 9. Nbd2 Re8 10. h3 Bc7 11. a3 Bf5 12. Nh4 Be6 13. b4 Bd5 14. Ne4 Nxe4 15.
dxe4 Be6 16. Nf5 g6 17. Nh6+ Kg7 18. Qc2 Bb6 19. Ng4 Bxg4 20. hxg4 Nc7 21. Bb2
Qg5 22. Bf3 Ne6 23. e3 Kg8 24. Qc3 Bc7 25. Be2 Qh6 26. Kg2 g5 27. Bc4 Qg6 28.
Qc2 a6 29. Rh1 Rad8 30. Bc3 Rd7 31. Rh5 Nf8 32. Rah1 Qf6 33. Rh6 Qe7 34. Qe2
Rd6 35. Qf3 Rxh6 36. Rxh6 Kg7 37. Rh1 Qf6 38. Qe2 Qe7 39. Rh5 Nd7 40. Qf3 h6
41. Rh1 Nf6 42. Qf5 Qd7 43. Qxd7 Nxd7 44. f4 f6 45. Kf3 Nb6 46. Rd1 Rd8 47.
Rxd8 Bxd8 48. Bb3 Bc7 49. a4 Nc8 50. Bc4 b5 51. Be6 Ne7 1/2-1/2

[Event "BL 8788 München 36-Koblenz"]
[Site "?"]
[Date "1987.??.??"]
[Round "?.8"]
[White "Koepf, U."]
[Black "Weidemann, J."]
[Result "1/2-1/2"]
[WhiteElo "2230"]
[BlackElo "2290"]
[PlyCount "33"]
[EventDate "1987.??.??"]

1. Nf3 f5 2. d4 Nf6 3. c3 e6 4. Bg5 Be7 5. Nbd2 Ne4 6. Bxe7 Qxe7 7. g3 O-O 8.
Bg2 b6 9. Nxe4 fxe4 10. Ne5 Bb7 11. Qc2 d5 12. O-O c5 13. f3 exf3 14. Bxf3 Nd7
15. Nxd7 Qxd7 16. Qd2 Qe7 17. Bg2 1/2-1/2

[Event "BL 8788 Koblenz-Bayern"]
[Site "?"]
[Date "1987.??.??"]
[Round "?.2"]
[White "Wolf, V."]
[Black "Kindermann, S."]
[Result "1/2-1/2"]
[WhiteElo "2315"]
[BlackElo "2490"]
[PlyCount "80"]
[EventDate "1987.??.??"]

1. g3 e5 2. Bg2 d5 3. d3 c6 4. Nf3 Bd6 5. O-O Nf6 6. Bg5 Nbd7 7. e4 dxe4 8.
dxe4 Nc5 9. Nc3 O-O 10. b4 Na6 11. a3 h6 12. Bxf6 Qxf6 13. Na4 Bg4 14. h3 Bh5
15. Qe2 Nc7 16. Qe3 Ne6 17. c3 Rfd8 18. Nh4 b5 19. Nb2 Bc7 20. Nf5 Bb6 21. Qc1
a5 22. Qc2 Ra7 23. g4 Bg6 24. Rad1 axb4 25. axb4 Nf4 26. Nd3 Rad7 27. Nxf4 exf4
28. Bf3 Qe5 29. Rxd7 Rxd7 30. Kg2 c5 31. bxc5 Qxc5 32. Rb1 Rc7 33. Qe2 Bxf5 34.
Rxb5 Qxf2+ 35. Qxf2 Bxf2 36. exf5 Be1 37. Rb8+ Kh7 38. Bd5 Bxc3 39. Rf8 g5 40.
Rxf7+ Rxf7 1/2-1/2

[Event "BL 8788 Koblenz-Bayern"]
[Site "?"]
[Date "1987.??.??"]
[Round "?.3"]
[White "Bischoff, K."]
[Black "Doncevic, D."]
[Result "1/2-1/2"]
[WhiteElo "2460"]
[BlackElo "2400"]
[PlyCount "53"]
[EventDate "1987.??.??"]

1. d4 Nf6 2. Nf3 g6 3. c3 Bg7 4. Bg5 O-O 5. Nbd2 d5 6. e3 Nbd7 7. b4 Re8 8. Be2
e5 9. O-O c6 10. Bh4 a5 11. a3 b6 12. Bg3 e4 13. Ne5 Nxe5 14. Bxe5 Be6 15. Qc2
Bf8 16. Rfb1 Nd7 17. Bg3 b5 18. a4 bxa4 19. Rxa4 axb4 20. cxb4 Rxa4 21. Qxa4
Qa8 22. Qa5 Qb7 23. Ba6 Qa7 24. Bf1 Qb7 25. Ba6 Qa7 26. Bf1 Qb7 27. Ba6 1/2-1/2

[Event "BL 8788 Koblenz-Bayern"]
[Site "?"]
[Date "1987.??.??"]
[Round "?.4"]
[White "Bayer, E."]
[Black "Hickl, J."]
[Result "1-0"]
[WhiteElo "2360"]
[BlackElo "2455"]
[PlyCount "101"]
[EventDate "1987.??.??"]

1. Nf3 d6 2. d4 Bg4 3. g3 g6 4. Bg2 Qc8 5. h3 Bd7 6. c4 Bg7 7. Nc3 c5 8. Be3
Na6 9. Rc1 Nf6 10. Qd2 O-O 11. b3 Re8 12. Ng5 Rb8 13. Nb5 Ra8 14. Nc3 Nb4 15.
dxc5 dxc5 16. Nd5 Nbxd5 17. cxd5 b6 18. h4 Bf5 19. b4 c4 20. Bd4 h6 21. Nh3 b5
22. Qb2 Qc7 23. Nf4 Rad8 24. e4 e5 25. dxe6 Rxd4 26. Qxd4 Nxe4 27. Qe3 Nf6 28.
O-O fxe6 29. Rfd1 Ng4 30. Qe2 Ne5 31. Be4 Qe7 32. a3 a5 33. Rb1 axb4 34. Rxb4
Qc5 35. Rdb1 Bg4 36. Qe3 Qxe3 37. fxe3 g5 38. hxg5 hxg5 39. Ng6 Bf3 40. Bc2 Bc6
41. a4 bxa4 42. Nxe5 Bxe5 43. Rxc4 Bd5 44. Rg4 Bf6 45. Bxa4 Rc8 46. e4 Rc4 47.
Bb3 Rxe4 48. Rxe4 Bxe4 49. Bxe6+ Kg7 50. Re1 Bd4+ 51. Kh2 1-0

[Event "BL 8788 Koblenz-Bayern"]
[Site "?"]
[Date "1987.??.??"]
[Round "?.5"]
[White "Hecht, H."]
[Black "Seul, G."]
[Result "1/2-1/2"]
[WhiteElo "2445"]
[BlackElo "2275"]
[PlyCount "105"]
[EventDate "1987.??.??"]

1. e4 Nc6 2. d4 e5 3. d5 Nce7 4. d6 cxd6 5. Nc3 Nf6 6. Bc4 d5 7. exd5 d6 8. Bg5
Ng6 9. h4 Be7 10. h5 Nf8 11. Nge2 N8d7 12. Ng3 h6 13. Be3 O-O 14. Nf5 Nb6 15.
Nxe7+ Qxe7 16. Be2 Bd7 17. Qd2 Ng4 18. Bxb6 axb6 19. f3 Nf6 20. O-O-O Rfc8 21.
Kb1 Ra5 22. g3 Kh8 23. Rh4 Bf5 24. Rc4 Rxc4 25. Bxc4 Bh7 26. g4 Nd7 27. Bd3 Nf6
28. Bxh7 Nxh7 29. Ne4 Nf6 30. c4 Nxe4 31. fxe4 Rc5 32. Rc1 Qd7 33. Qe2 Qa4 34.
b3 Qd7 35. a4 Rc8 36. Rf1 Rf8 37. Kb2 Qc7 38. Qe3 Qc5 39. Qxc5 bxc5 40. b4 cxb4
41. Kb3 Kg8 42. Kxb4 Rc8 43. a5 Kf8 44. Ra1 Ke7 45. Kb5 Kd7 46. Kb6 Rxc4 47.
Kxb7 Rb4+ 48. Ka7 Rxe4 49. a6 Rb4 50. Rf1 f6 51. Ka8 e4 52. Re1 Ke7 53. a7
1/2-1/2

[Event "BL 8788 Koblenz-Bayern"]
[Site "?"]
[Date "1987.??.??"]
[Round "?.6"]
[White "Schlick, V."]
[Black "Hertneck, G."]
[Result "0-1"]
[WhiteElo "2290"]
[BlackElo "2450"]
[PlyCount "92"]
[EventDate "1987.??.??"]

1. Nf3 Nf6 2. c4 e6 3. g3 b6 4. Bg2 Bb7 5. O-O c5 6. d4 cxd4 7. Qxd4 d6 8. Nc3
a6 9. Rd1 Nbd7 10. b3 Be7 11. e4 Qc7 12. Ba3 Nc5 13. e5 dxe5 14. Qxe5 Rc8 15.
Qxc7 Rxc7 16. Bxc5 Bxc5 17. Na4 Ke7 18. Nxc5 Rxc5 19. Rd4 Rd8 20. Rxd8 Kxd8 21.
Re1 Nd7 22. Rd1 Ke7 23. Ne5 Rxe5 24. Bxb7 Re2 25. a3 a5 26. b4 axb4 27. axb4
Rc2 28. Ba6 Ne5 29. Bb5 Rb2 30. Rc1 Rxb4 31. Rc3 g5 32. h4 g4 33. Kf1 Nf3 34.
Ba6 Ra4 35. Bb5 Ra1+ 36. Ke2 e5 37. Kd3 Ra2 38. c5 bxc5 39. Rxc5 Rxf2 40. Ke4
Kf6 41. Rc6+ Kg7 42. h5 h6 43. Bc4 Rc2 44. Kd3 Rg2 45. Ke4 Rxg3 46. Bd5 f5+ 0-1

[Event "BL 8788 Koblenz-Bayern"]
[Site "?"]
[Date "1987.??.??"]
[Round "?.7"]
[White "Stangl, M."]
[Black "Weidemann, J."]
[Result "0-1"]
[WhiteElo "2375"]
[BlackElo "2290"]
[PlyCount "108"]
[EventDate "1987.??.??"]

1. c4 d6 2. Nc3 e5 3. g3 g6 4. Bg2 Bg7 5. d3 Ne7 6. Nf3 Nbc6 7. Rb1 f5 8. Bd2
Be6 9. b4 Qd7 10. b5 Nd8 11. Ng5 Bg8 12. Qb3 h6 13. Nf3 Be6 14. O-O O-O 15. Nd5
Kh8 16. Ba5 Rc8 17. Nd2 Ng8 18. Qa3 Re8 19. Bc3 c6 20. bxc6 bxc6 21. Nb4 d5 22.
Na6 e4 23. Nc5 Qe7 24. Bxg7+ Kxg7 25. dxe4 dxe4 26. Rb3 Rc7 27. Rfb1 Nf6 28.
Qa5 Bf7 29. e3 Qe5 30. Qa3 g5 31. Rb8 Nd7 32. Nxd7 Rxd7 33. Qb2 Kf6 34. g4 Qxb2
35. R8xb2 Ne6 36. gxf5 Nc5 37. Rc2 Kxf5 38. Nf1 Ke5 39. Ng3 Red8 40. h3 h5 41.
Ne2 Rd1+ 42. Rxd1 Rxd1+ 43. Kh2 Na4 44. c5 Bd5 45. h4 gxh4 46. Kh3 Ra1 47. Nc1
Rb1 48. Kxh4 Nb2 49. Kxh5 Nd3 50. Ne2 Ne1 51. Nc3 Rb8 52. Bxe4 Bxe4 53. Rd2
Rh8+ 54. Kg4 Bf5+ 0-1

[Event "BL 8788 Koblenz-Bayern"]
[Site "?"]
[Date "1987.??.??"]
[Round "?.8"]
[White "Kertesz, A."]
[Black "Klundt, K."]
[Result "1/2-1/2"]
[WhiteElo "2345"]
[BlackElo "2390"]
[PlyCount "74"]
[EventDate "1987.??.??"]

1. d4 Nf6 2. c4 g6 3. Nc3 Bg7 4. e4 O-O 5. Be2 d6 6. Nf3 e5 7. O-O Nc6 8. d5
Ne7 9. Ne1 Nd7 10. f3 f5 11. g4 Kh8 12. Nd3 a5 13. Be3 b6 14. Rc1 Ng8 15. Rc2
f4 16. Bf2 h5 17. gxh5 g5 18. Kh1 Rf6 19. Rg1 Rh6 20. Bf1 Ngf6 21. Bh3 Rxh5 22.
Qf1 Nf8 23. Bxc8 Qxc8 24. Be1 N8h7 25. Nf2 Qd7 26. Qg2 Rg8 27. Ng4 Bf8 28. Nd1
Nxg4 29. Qxg4 Qxg4 30. fxg4 Rh6 31. Nf2 Kg7 32. Kg2 Be7 33. Rc3 Nf6 34. Rh3
Rxh3 35. Kxh3 a4 36. Kg2 c6 37. Bd2 c5 1/2-1/2

[Event "BL 8788 Heidelberg-München 36"]
[Site "?"]
[Date "1987.??.??"]
[Round "?.2"]
[White "Mack, P."]
[Black "Nikolac, J."]
[Result "1/2-1/2"]
[WhiteElo "2285"]
[BlackElo "2470"]
[PlyCount "81"]
[EventDate "1987.??.??"]

1. c4 e5 2. g3 Nc6 3. Bg2 g6 4. Nc3 Bg7 5. e3 d6 6. Nge2 Be6 7. Nd5 Qd7 8. O-O
Nce7 9. d4 c6 10. Nxe7 Nxe7 11. d5 cxd5 12. cxd5 Bh3 13. e4 O-O 14. Bxh3 Qxh3
15. Be3 f5 16. f3 Rf7 17. Qd2 Raf8 18. Nc3 a6 19. Qg2 Qxg2+ 20. Kxg2 f4 21. Bd2
h5 22. Ne2 g5 23. h3 Ng6 24. g4 Bf6 25. Bb4 Rd8 26. Rac1 Nh4+ 27. Kf2 Kg7 28.
Ba5 Rh8 29. Rc7 hxg4 30. hxg4 Ng6 31. Rxf7+ Kxf7 32. Kg2 b6 33. Bb4 Rc8 34. Rc1
Rxc1 35. Nxc1 Ke7 36. a4 Nh4+ 37. Kf2 Kd7 38. Be1 Bd8 39. Ke2 Ng6 40. b4 b5 41.
a5 1/2-1/2

[Event "BL 8788 Heidelberg-München 36"]
[Site "?"]
[Date "1987.??.??"]
[Round "?.3"]
[White "Bastian, H."]
[Black "Steinbacher, M."]
[Result "0-1"]
[WhiteElo "2335"]
[BlackElo "2260"]
[PlyCount "60"]
[EventDate "1987.??.??"]

1. d4 Nf6 2. Nf3 e6 3. g3 b6 4. Bg2 Bb7 5. O-O c5 6. c4 cxd4 7. Nxd4 Bxg2 8.
Kxg2 Qc7 9. b3 a6 10. f3 d5 11. cxd5 exd5 12. Bf4 Bd6 13. Bxd6 Qxd6 14. Qc1 O-O
15. Na3 Nbd7 16. Nac2 Rfe8 17. Re1 Re5 18. Qd2 h5 19. h4 Rae8 20. Nb4 g6 21.
Nxa6 Nc5 22. Nb4 Re3 23. Rg1 Nce4 24. Qxe3 Qxg3+ 25. Kf1 Qh3+ 26. Ke1 Ng4 27.
Rxg4 hxg4 28. Qg1 Qxh4+ 29. Kf1 Nd2+ 30. Kg2 Rxe2+ 0-1

[Event "BL 8788 Heidelberg-München 36"]
[Site "?"]
[Date "1987.??.??"]
[Round "?.4"]
[White "Cicak, S."]
[Black "Kaiser, W."]
[Result "1-0"]
[WhiteElo "2290"]
[BlackElo "2355"]
[PlyCount "105"]
[EventDate "1987.??.??"]

1. e4 d6 2. d4 Nf6 3. Nc3 g6 4. Be3 c6 5. Qd2 b5 6. f3 Bg7 7. O-O-O a5 8. Bh6
Bxh6 9. Qxh6 a4 10. e5 b4 11. exf6 bxc3 12. bxc3 exf6 13. Qg7 Rf8 14. d5 Qe7
15. Kd2 Ra5 16. dxc6 Nxc6 17. f4 Be6 18. Re1 Kd7 19. Nf3 Qd8 20. Rxe6 Kxe6 21.
Bc4+ d5 22. Bd3 Qd6 23. g3 Kd7 24. Rb1 Kc7 25. Qxh7 d4 26. c4 Qe7 27. Re1 Qb4+
28. Kd1 Qb1+ 29. Kd2 Qb4+ 30. Kd1 Ra7 31. Re6 Kb6 32. Rxf6 Qe7 33. Qg7 Kc7 34.
Ng5 Kb6 35. Be4 Rc8 36. Rxf7 Qc5 37. Rxa7 Nxa7 38. Qb7+ Ka5 39. Ne6 Qb6 40.
Qxb6+ Kxb6 41. c5+ Kb5 42. Bxg6 a3 43. f5 Nc6 44. f6 Ne5 45. Bf5 Rh8 46. h4 Rh6
47. g4 Rxh4 48. g5 Rh1+ 49. Ke2 Rh2+ 50. Kf1 Nf3 51. f7 Nd2+ 52. Ke1 Nf3+ 53.
Kd1 1-0

[Event "BL 8788 Heidelberg-München 36"]
[Site "?"]
[Date "1987.??.??"]
[Round "?.7"]
[White "Goetz, R."]
[Black "Gscheidlen, W."]
[Result "1/2-1/2"]
[WhiteElo "2325"]
[BlackElo "2205"]
[PlyCount "27"]
[EventDate "1987.??.??"]

1. e4 e6 2. d4 d5 3. Nc3 Nf6 4. e5 Nfd7 5. f4 c5 6. Nf3 Nc6 7. Be3 cxd4 8. Nxd4
Qb6 9. a3 Nxd4 10. Bxd4 Bc5 11. Na4 Qa5+ 12. Nc3 Qb6 13. Na4 Qa5+ 14. Nc3
1/2-1/2

[Event "BL 8788 Heidelberg-München 36"]
[Site "?"]
[Date "1987.??.??"]
[Round "?.8"]
[White "Zuse, P."]
[Black "Koepf, U."]
[Result "1-0"]
[WhiteElo "2295"]
[BlackElo "2230"]
[PlyCount "117"]
[EventDate "1987.??.??"]

1. e4 e6 2. d4 d5 3. Nc3 Bb4 4. e5 b6 5. Qg4 Bf8 6. Nh3 Nc6 7. Be3 Qd7 8. Nf4
Bb7 9. h4 O-O-O 10. h5 Re8 11. Be2 f6 12. O-O-O fxe5 13. dxe5 Nxe5 14. Qh3 Nf6
15. Nb5 Kb8 16. Nd4 Bc8 17. Rhe1 c6 18. Ndxe6 Rxe6 19. Qxe6 Qxe6 20. Nxe6 Bxe6
21. Bf1 Bd6 22. Bd4 Bg4 23. Bxe5 Bxe5 24. Rxe5 Bxd1 25. Kxd1 Re8 26. Rxe8+ Nxe8
27. Kd2 Kc7 28. Ke3 Kd6 29. Kf4 Ke6 30. Kg5 Nd6 31. Bd3 Nf7+ 32. Kh4 h6 33. f4
c5 34. g4 Kf6 35. Bg6 d4 36. Kg3 Nd6 37. Kf3 b5 38. c3 dxc3 39. bxc3 a5 40. Ke3
b4 41. cxb4 cxb4 42. Bd3 a4 43. Kd4 b3 44. a3 Nb7 45. Kc4 b2 46. Kc3 Nc5 47.
Bc2 Ne6 48. Kxb2 Nxf4 49. Bxa4 Kg5 50. Bd7 Nd5 51. Kb3 Nf6 52. Bc8 g6 53. hxg6
Kxg6 54. a4 Kf7 55. a5 Ke7 56. a6 Nd5 57. a7 Nc7 58. Bb7 Kd6 59. Kb4 1-0